000 00444nam a2200181Ia 4500
001 2292
003 IN-NITTTR
005 20251114232928.0
008 251113s9999||||xx |||||||||||||| ||eng||
040 _beng
040 _cIN-NITTTR
041 _aeng
082 _a621.3 T481I
100 _aTimbie, William H.
245 0 _aIndustrial electricity /
_cTimbie, William H., Willson, Frank G.
700 _a Willson, Frank G.
942 _2ddc
_cBK
999 _c3481
_d3481